00997nam a2200229 i 450000100060000000300090000600500170001500700030003200800410003510000250007624501540010126001280025530000370038349000670042050400280048765000320051570000340054771000370058171000610061883000670067985200210074665938ES-MaACL20230906165516.0t|040123s1947 sp ||||1| spa d1 aFuster Riera, Pedro.10aPrimera contribución al conocimiento de las maderas de la Guinea continental española / cpor Pedro Fuster Riera [y Luciana González Martín]. aMadrid : bInstituto de Estudios Africanos de la Dirección General de Marruecos y Colonias, c1947 (fIndustrias Gráf.) a250 p., 28 p. : bil. ; c24 cm.1 aEstudios sistemáticos de las maderas de la Guinea española aBibliografía: p. 245. 4aMadera-zGuinea Ecuatorial.1 aGonzález Martín, Luciana.2 aInstituto de Estudios Africanos.1 aEspaña. bDirección General de Marruecos y Colonias.1 aEstudios sistemáticos de las maderas de la Guinea española aES-MaACLjC-5312